000 00434nam a22001337a 4500
999 _c8565
_d8565
008 200317b ||||| |||| 00| 0 eng d
020 _a9780582462366
100 _aA.I. Vogel, A.R. Tatchell, B.S. Furnis, A.J. Hannaford, P.W.G. Smith
245 _aVogel's Textbook of Practical Organic Chemistry
250 _a5th
_b2018
260 _aNew Delhi
_bPearson Education India
650 _aPharmaceutical Organic Chemisty
942 _2ddc
_cBK